<?xml version="1.0" encoding="UTF-8"?>
<record
    xmlns:xsi="http://www.w3.org/2001/XMLSchema-instance"
    xsi:schemaLocation="http://www.loc.gov/MARC21/slim http://www.loc.gov/standards/marcxml/schema/MARC21slim.xsd"
    xmlns="http://www.loc.gov/MARC21/slim">

  <leader>00908nam a2200217 a 4500</leader>
  <controlfield tag="001">BRCA_301</controlfield>
  <controlfield tag="005">20190320202943.0</controlfield>
  <controlfield tag="008">851125s1978    mx-#---###---f000-0aspa-#</controlfield>
  <datafield tag="040" ind1=" " ind2=" ">
    <subfield code="a">DLC</subfield>
    <subfield code="c">DLC</subfield>
    <subfield code="d">DLC</subfield>
  </datafield>
  <datafield tag="050" ind1=" " ind2="4">
    <subfield code="a">F1225</subfield>
    <subfield code="b">.L46 1978</subfield>
  </datafield>
  <datafield tag="100" ind1="1" ind2=" ">
    <subfield code="a">Quintana, Jos&#xE9; Miguel</subfield>
    <subfield code="9">1011</subfield>
  </datafield>
  <datafield tag="245" ind1="1" ind2="0">
    <subfield code="a">Correspondencia del doctor Nicol&#xE1;s Le&#xF3;n</subfield>
    <subfield code="c">Jos&#xE9; Miguel Quintana.</subfield>
  </datafield>
  <datafield tag="260" ind1=" " ind2=" ">
    <subfield code="a">[M&#xE9;xico (Ciudad)</subfield>
    <subfield code="b">Instituto de Investigaciones Bibliogr&#xE1;ficas,</subfield>
    <subfield code="c">1978]</subfield>
  </datafield>
  <datafield tag="300" ind1=" " ind2=" ">
    <subfield code="a">p. 74-478</subfield>
    <subfield code="c">23 cm.</subfield>
  </datafield>
  <datafield tag="500" ind1=" " ind2=" ">
    <subfield code="a">Sobretiro del Bolet&#xED;n del Instituto de Investigaciones Bibliogr&#xE1;ficas, n&#xFA;mero 14-15, 1977-1978.</subfield>
  </datafield>
  <datafield tag="600" ind1="1" ind2="4">
    <subfield code="a">Le&#xF3;n, Nicol&#xE1;s</subfield>
    <subfield code="d">1859-1929</subfield>
    <subfield code="x">Correspondencia</subfield>
    <subfield code="9">1012</subfield>
  </datafield>
  <datafield tag="650" ind1="1" ind2="4">
    <subfield code="a">Historiadores</subfield>
    <subfield code="x">Correspondencia</subfield>
    <subfield code="z">M&#xE9;xico</subfield>
    <subfield code="9">1013</subfield>
  </datafield>
  <datafield tag="650" ind1="1" ind2="4">
    <subfield code="a">Indigenistas</subfield>
    <subfield code="x">Correspondencia</subfield>
    <subfield code="z">M&#xE9;xico</subfield>
    <subfield code="9">1014</subfield>
  </datafield>
  <datafield tag="730" ind1="0" ind2=" ">
    <subfield code="a">Bolet&#xED;n del Instituto de Investigaciones Bibliogr&#xE1;ficas</subfield>
    <subfield code="n">no. 14-15, 1977-1978 (Suplemento)</subfield>
    <subfield code="9">1015</subfield>
  </datafield>
  <datafield tag="942" ind1=" " ind2=" ">
    <subfield code="2">lcc</subfield>
    <subfield code="c">B</subfield>
  </datafield>
  <datafield tag="999" ind1=" " ind2=" ">
    <subfield code="c">243</subfield>
    <subfield code="d">243</subfield>
  </datafield>
  <datafield tag="952" ind1=" " ind2=" ">
    <subfield code="0">0</subfield>
    <subfield code="1">0</subfield>
    <subfield code="4">0</subfield>
    <subfield code="7">0</subfield>
    <subfield code="a">BRCA</subfield>
    <subfield code="b">BRCA</subfield>
    <subfield code="d">2008-06-25</subfield>
    <subfield code="l">0</subfield>
    <subfield code="o">F1225 .L46 1978</subfield>
    <subfield code="p">00389</subfield>
    <subfield code="r">2019-03-22 00:00:00</subfield>
    <subfield code="w">2019-03-22</subfield>
    <subfield code="y">B</subfield>
  </datafield>
</record>
